000 00287nam a22001217a 4500
008 170713b xxu||||| |||| 00| 0 eng d
041 _aeng
080 _a038
100 _a23
101 _aFJA
245 _aTHE INTERPRETERS DICTIONARY OF THE BIBLE
_cFURNIS.P.V
942 _2udc
_cBK
999 _c20427
_d20427